Tequila by the champs lyrics sudden death! - Statistics

General Stats
  • This quiz has been taken 37 times
  • The average score is 9 of 10
Answers on the Grid
Answers color-coded by a green-red scale on the quiz's grid according to % correct below.
tequila!
beer
liquor
champ
tacos
tequila!
drunk
tequila!
duolingo
tequila!
tequila!
death
satyr
tequila!
we da champs
walking
tequila!
he
sing
tea
tequila!
tequila!
theres
a
little
song
i
wrote
tequila!
happy
 
Answer Stats
Answer % Correct
tequila!
95%
tequila!
90%
tequila!
90%
tequila!
86%
tequila!
86%
tequila!
86%
tequila!
86%
tequila!
81%
tequila!
81%
tequila!
81%
No matching quizzes found
Score Distribution
Percent of People with Each Score
Percentile by Number Answered
Your Score History
You have not taken this quiz